000
00309nam a22001337a 4500
008
190206b xxu||||| |||| 00| 0 eng d
020
_a
0801626838
041
_a
eng
080
_a
615.83
100
_a
8
101
_a
EGZ
245
_a
Modern Principles of Athletic Training
_c
Arnheim,D.D
942
_2
udc
_c
BK
999
_c
54105
_d
54105